El origen de la europa moderna y el mundo contemporáneo /
Guardado en:
| Autor Principal: | |
|---|---|
| Otros Autores: | , , , , |
| Formato: | Libro |
| Publicado: |
Buenos Aires :
Aique,
1998
|
| Edición: | 3a. ed. |
| Series: | Ciencias sociales
|
| Materias: | |
| Etiquetas: |
Agregar Etiqueta
Sin Etiquetas, Sea el primero en etiquetar este registro!
|
| LEADER | 01395nam a22003135a 4500 | ||
|---|---|---|---|
| 001 | CEM.cems017956 | ||
| 005 | 20130228091107.0 | ||
| 008 | 130507s1998##################000#0#####d | ||
| 003 | CEMS | ||
| 020 | |a 9507014128 | ||
| 082 | 0 | 4 | |a 302 |
| 100 | 1 | |a Alonso, María Ernestina | |
| 245 | 1 | 0 | |a El origen de la europa moderna y el mundo contemporáneo / |c María Ernestina Alonso ... [et Al.] |
| 250 | |a 3a. ed. | ||
| 260 | |a Buenos Aires : |b Aique, |c 1998 | ||
| 300 | |a 255 p. | ||
| 490 | 0 | |a Ciencias sociales | |
| 500 | |a Para 3er. ciclo Egb | ||
| 505 | 0 | |a Las sociedades y sus problemas -- Las relaciones entre la sociedad y la naturaleza a través del tiempo -- Sociedades, recursos y medio ambiente -- Las primeras culturas y las sociedades agrícolas de la antiguedad -- Las sociedades esclavistas del Mediterráneo -- La sociedad feudal y la expansión de la Europa moderna -- Dinámica demográfica, trabajo y calidad de vida en el mundo contemporáneo -- Sociedades y relaciones internacionales en un mundo globalizado | |
| 653 | |a Ciencias sociales | ||
| 653 | |a Ciencias sociales- 8 egb | ||
| 653 | |a Historia | ||
| 653 | |a Historia-8 egb | ||
| 700 | 1 | |a Elisalde, Roberto | |
| 700 | 1 | |a Vázquez, Enrique | |
| 700 | 1 | |a Blanco, Jorge | |
| 700 | 1 | |a Fernández Caso, María Victoria | |
| 700 | 1 | |a Gurevich, Raquel | |
| 859 | |a CEMS |b BIB. CEMS - Agricultura |h 302 |i Al722-1a3 |p A1779.12 |t Ej.1 |v 8 |3 8 | ||
